Normal view
MARC view
Entry Personal Name
001 - CONTROL NUMBER
- control field: 1239436
003 - CONTROL NUMBER IDENTIFIER
- control field: OSt
005 - DATE AND TIME OF LATEST TRANSACTION
- control field: 20260514122523.0
008 - FIXED-LENGTH DATA ELEMENTS
- fixed length control field: 260514|| aca||aabn | a|a d
040 ## - CATALOGING SOURCE
- Original cataloging agency: OSt
- Transcribing agency: OSt
100 ## - HEADING--PERSONAL NAME
- Personal name: Srivastava Abhay
670 ## - SOURCE DATA FOUND
- Source citation: Work cat.: (OSt)1851456: Srivastava Abhay , Roles & Responsibilities of Clinical Research Coordinator in a Prospective Observational Cross Sectional Year Long Audit of an Acute Respiratory Distress Syndrome (ARDS) which Includes Patients Characteristics its Incidences Causes Treatment Management Practice and Outcones and : Locoregional Control Rate Survival and Complications in Patients of Carcinoma Oral Tongue Treated with Adjuvant Intensity Modulated Radiation Therapy (IMRT) with or without Concurrent Chemotherapy at Department of Radiation Oncology: MAX Super Speciality Hospital Delhi - A Hospital Based Retrospective Cross Sectinal Study.
